[Event "Zahara de la Sierra 3rd"]
[Site "Zahara de la Sierra"]
[Date "2024.03.30"]
[Round "8"]
[White "Gomez Ledo, Roberto Carlos"]
[Black "Ternault, Mathieu"]
[Result "1-0"]
[WhiteElo "2416"]
[BlackElo "2299"]
[PlyCount "99"]
[EventDate "2024.03.27"]
[EventType "tourn"]
[EventRounds "9"]
[EventCountry "ESP"]
[SourceTitle "CB14_2024"]
[SourceDate "2024.04.01"]
[SourceVersion "1"]
[SourceVersionDate "2024.04.01"]
[SourceQuality "1"]

1. d4 Nf6 2. c4 e6 3. Nf3 b6 4. g3 Bb7 5. Bg2 Bb4+ 6. Bd2 c5 7. Bc3 Bxc3+ 8. Nxc3 cxd4 9. Qxd4 Nc6 10. Qe3 Ne7 11. 0-0 Nf5 12. Qd3 d6 13. Rfd1 0-0 14. e4 Ne7 15. Qxd6 Qxd6 16. Rxd6 Bxe4 17. Nxe4 Nxe4 18. Rd7 Nc6 19. Ne1 f5 20. Rad1 Ne5 21. R7d4 Rac8 22. Bxe4 fxe4 23. Rxe4 Nxc4 24. b3 Na5 25. Rxe6 Rc7 26. Re2 Nb7 27. Ng2 Rfc8 28. Nf4 Rc1 29. Rxc1 Rxc1+ 30. Kg2 Rc7 31. Nd5 Rd7 32. Re7 Nc5 33. Rxd7 Nxd7 34. Kf3 Kf7 35. Ke4 Nc5+ 36. Ke5 Nd3+ 37. Kd6 b5 38. b4 Nxf2 39. Kc6 Nd3 40. Kxb5 g5 41. a3 Ne5 42. Ka6 Ke6 43. Ne3 Kd6 44. Kxa7 Kc6 45. a4 Kc7 46. b5 Nd7 47. a5 Kc8 48. Nd5 Nc5 49. b6 h5 50. a6 1-0

[Event "Zahara de la Sierra 3rd"]
[Site "Zahara de la Sierra"]
[Date "2024.03.30"]
[Round "7"]
[White "Ternault, Mathieu"]
[Black "Djidjeli, Sarah"]
[Result "1-0"]
[WhiteElo "2299"]
[BlackElo "2074"]
[PlyCount "69"]
[EventDate "2024.03.27"]
[EventType "tourn"]
[EventRounds "9"]
[EventCountry "ESP"]
[SourceTitle "CB14_2024"]
[SourceDate "2024.04.01"]
[SourceVersion "1"]
[SourceVersionDate "2024.04.01"]
[SourceQuality "1"]

1. d4 d5 2. c4 e6 3. Nf3 Nf6 4. Nc3 a6 5. cxd5 exd5 6. Bg5 Be6 7. Bxf6 Qxf6 8. Qb3 Ra7 9. h4 b5 10. e3 c6 11. Bd3 Bd6 12. Rc1 Bg4 13. Be2 Re7 14. Ne5 Bxe5 15. dxe5 Qg6 16. h5 Qg5 17. f4 Qf5 18. Qb4 f6 19. h6 Rg8 20. hxg7 fxe5 21. Qd6 Nd7 22. Nxd5 cxd5 23. Bxg4 Qxg4 24. Rc8+ Kf7 25. Rxg8 Qxg2 26. Rf1 Qg3+ 27. Ke2 Qg4+ 28. Kd3 Qg2 29. Rf2 Qe4+ 30. Kd2 Qb1 31. Qxd5+ Kf6 32. fxe5+ Kg5 33. Qg2+ Kh6 34. Qh3+ Kg6 35. Qg3+ 1-0

[Event "Zahara de la Sierra 3rd"]
[Site "Zahara de la Sierra"]
[Date "2024.03.29"]
[Round "6"]
[White "Del Rey, Diego"]
[Black "Ternault, Mathieu"]
[Result "0-1"]
[WhiteElo "2286"]
[BlackElo "2299"]
[PlyCount "94"]
[EventDate "2024.03.27"]
[EventType "tourn"]
[EventRounds "9"]
[EventCountry "ESP"]
[SourceTitle "CB14_2024"]
[SourceDate "2024.04.01"]
[SourceVersion "1"]
[SourceVersionDate "2024.04.01"]
[SourceQuality "1"]

1. d4 e6 2. Nf3 Nf6 3. g3 b6 4. Bg2 Bb7 5. 0-0 c5 6. c4 cxd4 7. Qxd4 Nc6 8. Qf4 Rc8 9. Nc3 Ne7 10. Ne5 Bxg2 11. Kxg2 Ng6 12. Nxg6 hxg6 13. b3 Rc5 14. f3 Rf5 15. Qd2 Rfh5 16. Rh1 Bb4 17. Bb2 d5 18. a3 Be7 19. Rad1 Qc8 20. Rc1 d4 21. Nd1 e5 22. Nf2 Nd7 23. h4 Qc6 24. Qc2 a5 25. Rb1 f5 26. b4 axb4 27. axb4 Nf6 28. Qb3 Qe6 29. Ra1 b5 30. Rac1 Kf7 31. Nh3 bxc4 32. Qxc4 Nd5 33. Kf2 g5 34. Rhg1 g4 35. fxg4 fxg4 36. Ng5+ Bxg5 37. hxg5 Rxg5 38. Ke1 Rf5 39. Ra1 Rc8 40. Qd3 Nxb4 41. Ra7+ Kg8 42. Qe4 Nc2+ 43. Kd2 Ne3 44. Qb7 Rc2+ 45. Ke1 Rxe2+ 46. Kxe2 Qc4+ 47. Ke1 Rf1+ 0-1

[Event "Zahara de la Sierra 3rd"]
[Site "Zahara de la Sierra"]
[Date "2024.03.27"]
[Round "2"]
[White "Moral Garcia, Serafin"]
[Black "Ternault, Mathieu"]
[Result "0-1"]
[WhiteElo "2223"]
[BlackElo "2299"]
[PlyCount "100"]
[EventDate "2024.03.27"]
[EventType "tourn"]
[EventRounds "9"]
[EventCountry "ESP"]
[SourceTitle "CB14_2024"]
[SourceDate "2024.04.01"]
[SourceVersion "1"]
[SourceVersionDate "2024.04.01"]
[SourceQuality "1"]

1. e4 e6 2. d4 d5 3. exd5 exd5 4. c4 Nf6 5. Nc3 Bb4 6. Bd3 0-0 7. Nge2 dxc4 8. Bxc4 Nc6 9. a3 Ba5 10. 0-0 Bb6 11. Be3 Re8 12. Qd2 Bg4 13. Rad1 Qd6 14. h3 Bf5 15. Bf4 Qf8 16. Qc1 Ne7 17. d5 Nc8 18. Nd4 Bg6 19. Ndb5 Nd6 20. Nxd6 cxd6 21. Bb5 Rec8 22. Qd2 a6 23. Ba4 Rc4 24. Bb3 Rd4 25. Qc1 Rc8 26. Rxd4 Bxd4 27. Rd1 Bc5 28. Qd2 b5 29. Re1 Bb6 30. Bg5 Bd8 31. Qd4 Nd7 32. Bxd8 Qxd8 33. Qa7 Nc5 34. Bd1 Kf8 35. b4 Nd3 36. Re3 Rxc3 37. Bg4 Rc1+ 38. Kh2 Ne5 39. Be2 Rc7 40. Qxa6 Nc4 41. Bxc4 bxc4 42. b5 Rc8 43. b6 Ra8 44. Qb5 f6 45. b7 Rb8 46. Qa6 Qc7 47. Rc3 Bd3 48. a4 Rxb7 49. Qa8+ Rb8 50. Qa6 Qb6 0-1

[Event "Kragero op"]
[Site "Kragero"]
[Date "2024.02.24"]
[Round "8"]
[White "Seo, Jung Min"]
[Black "Ternault, Mathieu"]
[Result "1/2-1/2"]
[WhiteElo "2466"]
[BlackElo "2303"]
[PlyCount "116"]
[EventDate "2024.02.21"]
[EventType "swiss"]
[EventRounds "9"]
[EventCountry "NOR"]
[SourceTitle "CB09_2024"]
[SourceDate "2024.02.28"]
[SourceVersion "1"]
[SourceVersionDate "2024.02.28"]
[SourceQuality "1"]

1. g3 e5 2. c4 h5 3. Nf3 Nc6 4. Nc3 Nd4 5. Bg2 d6 6. d3 Nxf3+ 7. Bxf3 Be7 8. Qa4+ Bd7 9. Qb3 Rb8 10. Be3 c5 11. Qa3 a5 12. Nd5 b5 13. cxb5 Rxb5 14. h4 g6 15. Qc3 Qb8 16. a4 Rxb2 17. Bc1 Rb7 18. Qxa5 Ra7 19. Qb6 Qxb6 20. Nxb6 Bd8 21. Nxd7 Ba5+ 22. Kf1 Kxd7 23. Kg2 Ne7 24. Bg5 Ke6 25. Rhb1 f6 26. Bc1 Bb4 27. e3 Rb8 28. Bd2 Rb6 29. d4 Ba5 30. Rxb6 Bxb6 31. dxc5 Bxc5 32. a5 d5 33. a6 Kd6 34. Be2 Nc6 35. Rb1 Kc7 36. Kf1 Bb6 37. Ke1 Ba5 38. Bxa5+ Nxa5 39. Rb5 Rxa6 40. Rxd5 Ra7 41. Bd3 f5 42. Rxe5 Kd6 43. Re8 Nc6 44. Be2 Ra1+ 45. Bd1 Ne5 46. f4 Ng4 47. Kd2 Nf6 48. Rb8 Ne4+ 49. Kc2 Ra6 50. Be2 Ra2+ 51. Rb2 Rxb2+ 52. Kxb2 Nxg3 53. Bd3 Nh1 54. Kc3 Nf2 55. Bc4 Ke7 56. Kd4 Kf6 57. Be2 Ne4 58. Bf3 Nf2 1/2-1/2

[Event "Kragero op"]
[Site "Kragero"]
[Date "2024.02.22"]
[Round "3"]
[White "Ternault, Mathieu"]
[Black "Skramstad, Oda Kofoed"]
[Result "1-0"]
[WhiteElo "2303"]
[BlackElo "1780"]
[PlyCount "59"]
[EventDate "2024.02.21"]
[EventType "swiss"]
[EventRounds "9"]
[EventCountry "NOR"]
[SourceTitle "CB09_2024"]
[SourceDate "2024.02.28"]
[SourceVersion "1"]
[SourceVersionDate "2024.02.28"]
[SourceQuality "1"]

1. b3 d5 2. Nf3 c5 3. e3 Nc6 4. Bb2 Nf6 5. Bb5 e6 6. Ne5 Qc7 7. Bxc6+ bxc6 8. d3 Bd6 9. f4 0-0 10. Nd2 Nd7 11. Qh5 f6 12. Nef3 e5 13. f5 Nb6 14. c4 Qe7 15. e4 Bb7 16. g4 Nd7 17. Rg1 Rfd8 18. Rg3 Nf8 19. g5 fxg5 20. Nxg5 Qf6 21. 0-0-0 Rd7 22. Rdg1 Bc7 23. Rh3 g6 24. Qe2 Rg7 25. Rf3 Re8 26. Nxh7 Nxh7 27. fxg6 Qe6 28. gxh7+ Kxh7 29. Rxg7+ Kxg7 30. Qg2+ 1-0

[Event "Paris-ch IdF"]
[Site "Paris"]
[Date "2023.07.14"]
[Round "5"]
[White "O'Donnell, Conor"]
[Black "Ternault, Mathieu"]
[Result "0-1"]
[WhiteElo "2300"]
[BlackElo "2351"]
[PlyCount "98"]
[EventDate "2023.07.11"]
[EventType "swiss"]
[EventRounds "9"]
[EventCountry "FRA"]
[SourceTitle "CBM 215 Extra"]
[Source "ChessBase"]
[SourceDate "2023.09.30"]
[SourceVersion "1"]
[SourceVersionDate "2023.09.30"]
[SourceQuality "1"]

1. d4 Nf6 2. c4 e6 3. g3 Bb4+ 4. Bd2 c5 5. Bxb4 cxb4 6. Bg2 0-0 7. Nf3 a5 8. 0-0 b6 9. a3 Na6 10. Ne5 Ra7 11. Nd3 bxa3 12. Nxa3 d6 13. e4 Re7 14. f4 Bb7 15. Qe2 Qb8 16. g4 Nd7 17. Nc2 Rc8 18. b3 Ree8 19. g5 Qc7 20. Ne3 e5 21. fxe5 dxe5 22. d5 Nf8 23. h4 Ng6 24. Nf5 Rcd8 25. h5 Nf4 26. Nxf4 exf4 27. Qg4 Nc5 28. Rxf4 Qe5 29. Raf1 Bc8 30. g6 fxg6 31. hxg6 h6 32. Qg3 Bxf5 33. exf5 Nd7 34. Qf2 Qd6 35. Rd4 Nf6 36. Qf4 Re5 37. Kh1 Rde8 38. Rd3 Nh5 39. Qh4 Nf6 40. Qf4 Nh5 41. Qh2 Nf6 42. Bf3 Nd7 43. Rdd1 Qb4 44. d6 Qxb3 45. Qg2 Kh8 46. Bc6 Re2 47. Qg4 Nf6 48. d7 Nxg4 49. dxe8Q+ Rxe8 0-1

[Event "Paris-ch IdF"]
[Site "Paris"]
[Date "2023.07.14"]
[Round "6"]
[White "Ternault, Mathieu"]
[Black "Pipiras, Filipa Fortuna"]
[Result "0-1"]
[WhiteElo "2351"]
[BlackElo "2274"]
[PlyCount "56"]
[EventDate "2023.07.11"]
[EventType "swiss"]
[EventRounds "9"]
[EventCountry "FRA"]
[SourceTitle "CBM 215 Extra"]
[Source "ChessBase"]
[SourceDate "2023.09.30"]
[SourceVersion "1"]
[SourceVersionDate "2023.09.30"]
[SourceQuality "1"]

1. d4 d5 2. Nf3 Nf6 3. c3 e6 4. Bg5 c5 5. Nbd2 Nbd7 6. e4 dxe4 7. Nxe4 Qb6 8. dxc5 Bxc5 9. Nxc5 Qxc5 10. Be3 Qc7 11. Qc2 b6 12. 0-0-0 Bb7 13. Rd4 0-0 14. Rh4 a6 15. Bd3 g6 16. Re1 Bxf3 17. gxf3 b5 18. Kb1 Rab8 19. Rg1 Rfe8 20. Rh6 Nd5 21. Bc1 b4 22. c4 b3 23. Qd2 bxa2+ 24. Ka1 Nc5 25. Bc2 Nb4 26. Bd1 Red8 27. Qc3 Rd3 28. Qe1 Qd6 0-1

[Event "Paris-ch IdF"]
[Site "Paris"]
[Date "2023.07.11"]
[Round "1"]
[White "Ternault, Mathieu"]
[Black "Bouget, Alexandre"]
[Result "1/2-1/2"]
[WhiteElo "2351"]
[BlackElo "2253"]
[PlyCount "20"]
[EventDate "2023.07.11"]
[EventType "swiss"]
[EventRounds "9"]
[EventCountry "FRA"]
[SourceTitle "CBM 215 Extra"]
[Source "ChessBase"]
[SourceDate "2023.09.30"]
[SourceVersion "1"]
[SourceVersionDate "2023.09.30"]
[SourceQuality "1"]

1. d4 d5 2. c4 e5 3. dxe5 Ne7 4. Nf3 Nbc6 5. g3 Be6 6. cxd5 Qxd5 7. Nbd2 g5 8. e4 Qc5 9. a3 g4 10. b4 Qc3 1/2-1/2

[Event "FRA-ch Rapid"]
[Site "Asnieres sur Seine"]
[Date "2023.06.25"]
[Round "8"]
[White "Gozzoli, Yannick"]
[Black "Ternault, Mathieu"]
[Result "1-0"]
[WhiteElo "2575"]
[BlackElo "2351"]
[PlyCount "76"]
[EventDate "2023.06.25"]
[EventType "swiss (rapid)"]
[EventRounds "9"]
[EventCountry "FRA"]
[SourceTitle "CBM 214 Extra"]
[Source "ChessBase"]
[SourceDate "2023.07.31"]
[SourceVersion "1"]
[SourceVersionDate "2023.07.31"]
[SourceQuality "1"]

1. d4 e6 2. Nf3 Nf6 3. c4 b6 4. g3 Bb7 5. Bg2 Bb4+ 6. Bd2 c5 7. Bxb4 cxb4 8. a3 Nc6 9. 0-0 0-0 10. Nbd2 d6 11. e4 bxa3 12. Rxa3 e5 13. d5 Nb4 14. Ne1 Qc7 15. Nd3 a5 16. Qb3 Nxd3 17. Qxd3 Ba6 18. h3 Rfc8 19. Rc3 Rab8 20. Rfc1 Qa7 21. Qe3 Rc5 22. f4 Rbc8 23. fxe5 dxe5 24. Bf1 a4 25. Ra1 Qd7 26. b4 R5c7 27. Qxb6 Bb7 28. Rca3 h5 29. Rxa4 h4 30. gxh4 Nh5 31. Qe3 Nf4 32. Kh2 f5 33. c5 fxe4 34. d6 Kh8 35. Nxe4 Nd5 36. Qg5 Bc6 37. Qh5+ Kg8 38. Ng5 Rb7 1-0

[Event "Montendre Blitz op"]
[Site "Montendre"]
[Date "2023.02.18"]
[Round "6"]
[White "Ternault, Mathieu"]
[Black "Maze, Sebastien"]
[Result "0-1"]
[WhiteElo "2361"]
[BlackElo "2538"]
[PlyCount "88"]
[EventDate "2023.02.18"]
[EventType "swiss (blitz)"]
[EventRounds "11"]
[EventCountry "FRA"]
[SourceTitle "CBM 212 Extra"]
[Source "ChessBase"]
[SourceDate "2023.03.31"]
[SourceVersion "1"]
[SourceVersionDate "2023.03.31"]
[SourceQuality "1"]

1. d4 Nf6 2. Nf3 b6 3. g3 Bb7 4. Bg2 g6 5. b3 Bg7 6. Bb2 0-0 7. 0-0 c5 8. dxc5 bxc5 9. c4 d6 10. Nc3 Nbd7 11. Re1 Bc6 12. Qc2 Qb8 13. Rad1 Qb7 14. Nh4 Ne5 15. Nd5 Bxd5 16. Bxd5 Nxd5 17. Rxd5 a5 18. f4 Nc6 19. Bxg7 Kxg7 20. Nf3 a4 21. h4 axb3 22. axb3 Nb4 23. Qc3+ f6 24. Rd2 Qe4 25. Ng5 Qf5 26. e4 Qg4 27. f5 Kg8 28. Ne6 Rfb8 29. Rf2 Ra3 30. e5 dxe5 31. Nxc5 Nc6 32. fxg6 hxg6 33. Qc2 Nd4 34. Qd3 Nxb3 35. Qd5+ Kh8 36. Ne4 Nd4 37. Qf7 Rxg3+ 38. Nxg3 Qxg3+ 39. Kf1 Qh3+ 40. Rg2 Qh1+ 41. Kf2 Rb2+ 42. Ke3 Qxe1+ 43. Kd3 Qb1+ 44. Kc3 Rb3+ 0-1

[Event "Platja d'Aro"]
[Site "Platja d'Aro"]
[Date "2022.12.29"]
[Round "7"]
[White "Ternault, Mathieu"]
[Black "Romero Pallares, Daniel"]
[Result "1/2-1/2"]
[WhiteElo "2351"]
[BlackElo "2295"]
[PlyCount "115"]
[EventDate "2022.12.26"]
[EventType "tourn"]
[EventRounds "9"]
[EventCountry "ESP"]
[EventCategory "2"]
[SourceTitle "CBM 211 Extra"]
[Source "ChessBase"]
[SourceDate "2023.01.31"]
[SourceVersion "1"]
[SourceVersionDate "2023.01.31"]
[SourceQuality "1"]

1. d4 Nf6 2. c4 g6 3. Nc3 Bg7 4. Nf3 0-0 5. e4 d6 6. Be2 Na6 7. 0-0 e5 8. Bg5 h6 9. Bh4 Qe8 10. Bxf6 Bxf6 11. c5 exd4 12. Nd5 Bd8 13. Bxa6 bxa6 14. cxd6 cxd6 15. Qxd4 Be6 16. Rac1 Kh7 17. b3 Qb5 18. h3 Bxd5 19. Qxd5 Qxd5 20. exd5 Bb6 21. Rc6 Bc5 22. Nd2 Rfe8 23. Nc4 Rad8 24. Rxa6 Re4 25. Rc1 Re2 26. Rf1 Re4 27. Rc6 Rd7 28. Rd1 Re2 29. Rd2 Bxf2+ 30. Kf1 Rxd2 31. Nxd2 Bg3 32. Ke2 h5 33. Kd3 Kg7 34. b4 Be1 35. b5 Bxd2 36. Kxd2 Kf6 37. Kd3 Ke5 38. Kc4 f5 39. a4 Kf4 40. a5 Kg3 41. b6 axb6 42. axb6 g5 43. Rc7 Rd8 44. Rg7 Rc8+ 45. Kb5 g4 46. hxg4 hxg4 47. Rc7 Re8 48. Rc2 f4 49. b7 f3 50. gxf3 gxf3 51. Rc8 f2 52. Rxe8 f1Q+ 53. Kc6 Qa6+ 54. Kc7 Qa5+ 55. Kd7 Qb5+ 56. Kc7 Qc5+ 57. Kd7 Qb5+ 58. Kc7 1/2-1/2

[Event "Platja d'Aro"]
[Site "Platja d'Aro"]
[Date "2022.12.28"]
[Round "5"]
[White "Ternault, Mathieu"]
[Black "Valle Maytin, Luis Enrique"]
[Result "1/2-1/2"]
[WhiteElo "2351"]
[BlackElo "2268"]
[PlyCount "72"]
[EventDate "2022.12.26"]
[EventType "tourn"]
[EventRounds "9"]
[EventCountry "ESP"]
[EventCategory "2"]
[SourceTitle "CBM 211 Extra"]
[Source "ChessBase"]
[SourceDate "2023.01.31"]
[SourceVersion "1"]
[SourceVersionDate "2023.01.31"]
[SourceQuality "1"]

1. d4 d5 2. Nf3 Nf6 3. Bf4 c5 4. e3 Nc6 5. Nbd2 cxd4 6. exd4 Bf5 7. Bb5 Qb6 8. c4 dxc4 9. a4 Bd3 10. Ne5 e6 11. Ndxc4 Bxc4 12. Nxc4 Bb4+ 13. Bd2 Bxd2+ 14. Qxd2 Qc7 15. Ne5 0-0 16. Bxc6 bxc6 17. 0-0 Rfd8 18. Qc3 Nd5 19. Qxc6 Qxc6 20. Nxc6 Rd6 21. Rfc1 Kf8 22. g3 Ne7 23. Nxe7 Kxe7 24. Rc7+ Kf6 25. Ra3 Kg6 26. Rf3 f6 27. Rf4 h5 28. b4 Rb8 29. Rc4 Rdb6 30. b5 a6 31. Re4 axb5 32. axb5 Kf5 33. Rf4+ Kg6 34. Re4 Kf5 35. Re3 Rxb5 36. Rc6 Re8 1/2-1/2

[Event "EU-ch Rapid"]
[Site "Katowice"]
[Date "2022.12.18"]
[Round "8"]
[White "Ternault, Mathieu"]
[Black "Jarocka, Liwia"]
[Result "1/2-1/2"]
[WhiteElo "2351"]
[BlackElo "2143"]
[PlyCount "169"]
[EventDate "2022.12.17"]
[EventType "swiss (rapid)"]
[EventRounds "11"]
[EventCountry "POL"]
[SourceTitle "CBM 211 Extra"]
[Source "ChessBase"]
[SourceDate "2023.01.31"]
[SourceVersion "1"]
[SourceVersionDate "2023.01.31"]
[SourceQuality "1"]

1. d4 Nf6 2. Nf3 e6 3. Bg5 d5 4. Nbd2 Nbd7 5. c3 h6 6. Bf4 c5 7. e3 Qb6 8. Qb3 c4 9. Qc2 Bd6 10. Bxd6 Qxd6 11. e4 Qc6 12. e5 Ng8 13. a4 a6 14. b4 cxb3 15. Qxb3 Ne7 16. Qa3 Rb8 17. Be2 b5 18. axb5 axb5 19. 0-0 Nb6 20. Rfb1 Nc4 21. Qb4 Bd7 22. h4 g5 23. Nxc4 dxc4 24. Bxc4 g4 25. Nd2 g3 26. f3 Qc7 27. Ne4 Nc6 28. Qd6 Qxd6 29. Nxd6+ Ke7 30. Bxb5 Rb6 31. Bxc6 Rxc6 32. c4 Rc7 33. Kf1 f6 34. Ke2 fxe5 35. dxe5 Rf8 36. Ke3 Rc5 37. f4 Rc7 38. Rb7 Rxb7 39. Nxb7 Bc6 40. Nc5 Rb8 41. Ra7+ Ke8 42. Rg7 Rb4 43. Kd3 Bxg2 44. Kc3 Rb1 45. Rxg3 Bf1 46. Nb3 Re1 47. Nd2 Rc1+ 48. Kb2 Rd1 49. Kc2 Ra1 50. Rg6 Ra2+ 51. Kc3 Bh3 52. Rxh6 Bf5 53. Nb3 Rf2 54. Nd4 Rxf4 55. Nxf5 exf5 56. Re6+ Kd7 57. Rd6+ Kc7 58. h5 Re4 59. Rf6 Rxe5 60. Kd4 Re4+ 61. Kd5 Rf4 62. h6 Rh4 63. Rf7+ Kb6 64. c5+ Kb5 65. h7 f4 66. Rb7+ Ka6 67. Rf7 f3 68. c6 Kb6 69. Rxf3 Rh5+ 70. Kd6 Rh6+ 71. Kd5 Rh5+ 72. Ke6 Rxh7 73. Rc3 Kc7 74. Kd5 Rh5+ 75. Ke6 Rh6+ 76. Kd5 Rh5+ 77. Kd4 Rh4+ 78. Kc5 Rh5+ 79. Kb4 Rh1 80. Kb5 Rb1+ 81. Kc5 Rh1 82. Rd3 Rc1+ 83. Kd4 Rxc6 84. Rc3 Rxc3 85. Kxc3 1/2-1/2

[Event "EU-ch Rapid"]
[Site "Katowice"]
[Date "2022.12.17"]
[Round "5"]
[White "Kosakowski, Jakub"]
[Black "Ternault, Mathieu"]
[Result "1-0"]
[WhiteElo "2475"]
[BlackElo "2351"]
[PlyCount "59"]
[EventDate "2022.12.17"]
[EventType "swiss (rapid)"]
[EventRounds "11"]
[EventCountry "POL"]
[SourceTitle "CBM 211 Extra"]
[Source "ChessBase"]
[SourceDate "2023.01.31"]
[SourceVersion "1"]
[SourceVersionDate "2023.01.31"]
[SourceQuality "1"]

1. e4 Nc6 2. d4 e5 3. Nf3 exd4 4. Nxd4 Bb4+ 5. c3 Bc5 6. Be3 Bb6 7. Nf5 g6 8. Bxb6 axb6 9. Ne3 Nf6 10. f3 0-0 11. c4 d5 12. cxd5 Nxe4 13. fxe4 Qh4+ 14. Kd2 Qxe4 15. Bd3 Qd4 16. Qc1 Re8 17. Re1 Qf4 18. dxc6 bxc6 19. Qc4 Qf2+ 20. Re2 Qg1 21. Qf4 Rd8 22. Rf2 Ba6 23. Qxf7+ Kh8 24. Qf6+ Kg8 25. Qf7+ Kh8 26. Qf6+ Kg8 27. Qe6+ Kh8 28. Rf7 Rxd3+ 29. Kc2 Kg8 30. Re7+ 1-0

[Event "EU-ch Blitz"]
[Site "Katowice"]
[Date "2022.12.16"]
[Round "19"]
[White "Bazilius, Augustinas"]
[Black "Ternault, Mathieu"]
[Result "0-1"]
[WhiteElo "2118"]
[BlackElo "2351"]
[PlyCount "84"]
[EventDate "2022.12.16"]
[EventType "swiss (blitz)"]
[EventRounds "22"]
[EventCountry "POL"]
[SourceTitle "CBM 211 Extra"]
[Source "ChessBase"]
[SourceDate "2023.01.31"]
[SourceVersion "1"]
[SourceVersionDate "2023.01.31"]
[SourceQuality "1"]

1. d4 Nc6 2. d5 Ne5 3. f4 Ng6 4. e4 e6 5. dxe6 fxe6 6. Nf3 Bb4+ 7. Nc3 Nf6 8. Bd3 0-0 9. a3 Bxc3+ 10. bxc3 d6 11. 0-0 e5 12. Bc4+ Kh8 13. f5 Ne7 14. Ng5 Qe8 15. Qe2 h6 16. Ne6 Bxe6 17. Bxe6 Qc6 18. Re1 Qxc3 19. Bd2 Qd4+ 20. Kh1 Nc6 21. c3 Qa4 22. g4 Nd8 23. Ba2 d5 24. exd5 Qxg4 25. Qxg4 Nxg4 26. h3 Nf2+ 27. Kg2 Nd3 28. Re3 Nf4+ 29. Kh2 Rxf5 30. Rae1 Nf7 31. Bb1 Rh5 32. Bc2 Rd8 33. Bd1 Rf5 34. c4 c6 35. Bg4 Rf6 36. Bc3 cxd5 37. Bxe5 Nxe5 38. Rxe5 dxc4 39. Rc5 Nd3 40. Rd5 Rxd5 41. Re8+ Kh7 42. Bf3 Rxf3 0-1

[Event "EU-ch Blitz"]
[Site "Katowice"]
[Date "2022.12.16"]
[Round "18"]
[White "Gumula, Daniel"]
[Black "Ternault, Mathieu"]
[Result "0-1"]
[WhiteElo "2146"]
[BlackElo "2351"]
[PlyCount "50"]
[EventDate "2022.12.16"]
[EventType "swiss (blitz)"]
[EventRounds "22"]
[EventCountry "POL"]
[SourceTitle "CBM 211 Extra"]
[Source "ChessBase"]
[SourceDate "2023.01.31"]
[SourceVersion "1"]
[SourceVersionDate "2023.01.31"]
[SourceQuality "1"]

1. d4 Nc6 2. Nf3 d6 3. g3 e5 4. Bg2 e4 5. Nfd2 f5 6. e3 Nf6 7. c4 Bd7 8. a3 a5 9. Nc3 g6 10. Rb1 Bg7 11. b4 axb4 12. axb4 Ne7 13. Bb2 0-0 14. Qb3 Kh8 15. Ne2 c6 16. h4 Be6 17. Nf4 Bf7 18. h5 gxh5 19. Ke2 b5 20. Qc2 bxc4 21. Nxc4 Ned5 22. Na5 Nxb4 23. Nxc6 Nxc2 24. Nxd8 Rfxd8 25. Rhc1 Ba2 0-1

[Event "EU-ch Blitz"]
[Site "Katowice"]
[Date "2022.12.16"]
[Round "16"]
[White "Ribeiro, Gustavo"]
[Black "Ternault, Mathieu"]
[Result "1/2-1/2"]
[WhiteElo "1836"]
[BlackElo "2351"]
[PlyCount "32"]
[EventDate "2022.12.16"]
[EventType "swiss (blitz)"]
[EventRounds "22"]
[EventCountry "POL"]
[SourceTitle "CBM 211 Extra"]
[Source "ChessBase"]
[SourceDate "2023.01.31"]
[SourceVersion "1"]
[SourceVersionDate "2023.01.31"]
[SourceQuality "1"]

1. d4 Nc6 2. c4 e5 3. e3 Nf6 4. Nf3 Bb4+ 5. Bd2 Qe7 6. d5 Nb8 7. Bxb4 Qxb4+ 8. Qd2 Qe7 9. Nc3 d6 10. Be2 0-0 11. 0-0 a5 12. Ne1 Na6 13. Nd3 b6 14. e4 Nb4 15. h3 Ba6 16. a3 Nxd3 1/2-1/2

[Event "EU-ch Blitz"]
[Site "Katowice"]
[Date "2022.12.16"]
[Round "5"]
[White "Schneider, Ilja"]
[Black "Ternault, Mathieu"]
[Result "1-0"]
[WhiteElo "2483"]
[BlackElo "2351"]
[PlyCount "67"]
[EventDate "2022.12.16"]
[EventType "swiss (blitz)"]
[EventRounds "22"]
[EventCountry "POL"]
[SourceTitle "CBM 211 Extra"]
[Source "ChessBase"]
[SourceDate "2023.01.31"]
[SourceVersion "1"]
[SourceVersionDate "2023.01.31"]
[SourceQuality "1"]

1. e4 Nc6 2. Nf3 d6 3. Nc3 Nf6 4. d4 g6 5. Be2 Bg7 6. 0-0 0-0 7. Re1 Bg4 8. h3 Bxf3 9. Bxf3 e5 10. dxe5 dxe5 11. Be3 Nd4 12. Be2 c6 13. Bc4 Nh5 14. Ne2 Nxe2+ 15. Qxe2 Nf4 16. Qf3 Qe7 17. Rad1 Ne6 18. c3 Rfd8 19. Rxd8+ Rxd8 20. Rd1 Bf8 21. Bxe6 Rxd1+ 22. Qxd1 Qxe6 23. Qd8 Kg7 24. Bh6+ Kxh6 25. Qxf8+ Kh5 26. Qg7 h6 27. Kh2 Kg5 28. g3 a5 29. h4+ Kh5 30. f3 f5 31. exf5 gxf5 32. Kh3 Qg6 33. g4+ fxg4+ 34. fxg4+ 1-0

[Event "EU-ch Blitz"]
[Site "Katowice"]
[Date "2022.12.16"]
[Round "20"]
[White "Ternault, Mathieu"]
[Black "Bazilius, Augustinas"]
[Result "1-0"]
[WhiteElo "2351"]
[BlackElo "2118"]
[PlyCount "77"]
[EventDate "2022.12.16"]
[EventType "swiss (blitz)"]
[EventRounds "22"]
[EventCountry "POL"]
[SourceTitle "CBM 211 Extra"]
[Source "ChessBase"]
[SourceDate "2023.01.31"]
[SourceVersion "1"]
[SourceVersionDate "2023.01.31"]
[SourceQuality "1"]

1. d4 Nf6 2. Nf3 g6 3. Nbd2 Bg7 4. e4 d6 5. Bb5+ c6 6. Bd3 0-0 7. 0-0 Nbd7 8. c3 e5 9. Re1 Qc7 10. a4 Rd8 11. a5 d5 12. exd5 Nxd5 13. Bc4 exd4 14. cxd4 N7f6 15. Qb3 Bg4 16. Ne5 Be6 17. Ndf3 b5 18. axb6 axb6 19. Bd2 b5 20. Bf1 Nd7 21. Rxa8 Rxa8 22. Qc2 Nxe5 23. Nxe5 Rc8 24. h3 Qb6 25. Qc5 Qxc5 26. dxc5 Bxe5 27. Rxe5 Ra8 28. Re1 Ra2 29. Bh6 Nc7 30. Rd1 Bd5 31. b4 f5 32. Bf4 Ne6 33. Be5 Ra4 34. Bc3 Ra3 35. Be1 Kf7 36. Bxb5 Bb3 37. Rd7+ Ke8 38. Bxc6 Ra1 39. Rd1+ 1-0

[Event "EU-ch Blitz"]
[Site "Katowice"]
[Date "2022.12.16"]
[Round "7"]
[White "Ternault, Mathieu"]
[Black "Kaliszuk, Kamil"]
[Result "1-0"]
[WhiteElo "2351"]
[BlackElo "2103"]
[PlyCount "81"]
[EventDate "2022.12.16"]
[EventType "swiss (blitz)"]
[EventRounds "22"]
[EventCountry "POL"]
[SourceTitle "CBM 211 Extra"]
[Source "ChessBase"]
[SourceDate "2023.01.31"]
[SourceVersion "1"]
[SourceVersionDate "2023.01.31"]
[SourceQuality "1"]

1. d4 d5 2. Nf3 Nf6 3. Bf4 e6 4. Nbd2 c5 5. e3 Bd6 6. dxc5 Bxc5 7. c4 Nc6 8. a3 a5 9. Rc1 Be7 10. cxd5 Nxd5 11. Bg3 0-0 12. Bc4 Nb6 13. Ba2 Bf6 14. Bb1 g6 15. Qc2 e5 16. 0-0 Bf5 17. Ne4 Bg7 18. Qc5 Nd7 19. Qd6 Nf6 20. Nxf6+ Bxf6 21. Qc5 e4 22. Rfd1 Qc8 23. Ne5 Nxe5 24. Bxe5 Qxc5 25. Rxc5 Rfd8 26. Bd4 Bxd4 27. exd4 Rac8 28. Rxc8 Rxc8 29. Kf1 Kf8 30. Ke1 Ke7 31. Kd2 Kd6 32. Ke3 Kd5 33. Ba2+ Kd6 34. Rd2 f6 35. Bb1 Kd5 36. h3 h5 37. Ba2+ Kd6 38. Bb1 Kd5 39. Rc2 Rc4 40. Ba2 b5 41. a4 1-0